000 00518nam a2200181Ia 4500
001 11291
005 20260306162817.0
008 260306t1969||||xx |||||||||||||| ||spa||
041 _aESP
082 _a985.022
_bP65
100 _aPizarro, Hernando,
_eAUT
245 0 _aCarta relación de Hernando Pizarro a los Oidores de la Audiencia de Santo Domingo sobre la conquista del Perú :
_b(1533)
260 _c1969
300 _a40 páginas :
_c17 cm.
650 _aGEN
654 _aCHU
942 _cLIB
_dJUS
_fJUS
_2ddc
_n
999 _c11291
_d11291